000 00678cam a2200217 4500
001 3198
005 20181127170746.0
008 091020s2009 ii 000 f eng d
010 _a 2009310995
020 _a8129115301 (pbk.)
020 _a9788129115300 (pbk.)
100 1 _aBhagat, Chetan.
245 1 0 _a2 states :
_bthe story of my marriage /
_ca novel by Chetan Bhagat.
246 3 _aTwo states
246 3 0 _aStory of my marraige
260 _aNew Delhi :
_bRupa & Co.,
_c2011.
300 _ax, 269 p. ;
_c20 cm.
520 _aStory about inter-community marriage in modern India.
650 0 _aInterethnic marriage
_zIndia
_vFiction.
655 0 _aIndic fiction (English)
999 _c2583
_d2583